01566cam a22003737a 4500003000500000005001700005008004100022010001000063011001000073035001000083040000900093090001000102100003500112245013700147260004100284300001000325502011500335590003700450590004100487590004100528590004100569590004200610650004400652650003200696650002700728901000700755905002600762942000900788949006200797949004900859999001700908952014000925952012701065CHAP20220329142701.0010920d2001 mx r 00110 spa d a86480 a87452 a97996 cCHAP aTesis00aFranco Gómez, Miguel.94296110aComportamiento productivo de cabras alpinas lactantes consumiendo cantidades crecientes de zacate buffelc/por Miguel Franco Gómez aBermejillo, Dgo. :bEl autor,c2002. a51 h. aTesis (Ing. Agr. en Sistemas Pecuarios de Zonas Aridas) -- UACH. Unidad Regional Universitaria de Zonas Aridas aALEPHb10c20130110lUCH01h1450 aBATCH-UPDb10c20130110lUCH01h0907 aBATCH-UPDb10c20130410lUCH01h0533 aBATCH-UPDb10c20130914lUCH01h1508 aCONVERSIONb10c20130109lUCH01h134814aGanado cabríoxAlimentación.94499014aLechexProducción.96540014aZacate Buffel.9123395 aBK aAlejandra Carrasco M. cFOLL aTesisbBCcTESd33724000879474eTS2fc.2h40160i97996si aTesisbBCcTESd979961eTS1h40159i97996sb c86480d86480 00102local4053708TESISaBCbBCcPA_TESISd2019-12-31fTESISl0oTesisp33724000879474r2019-12-31 00:00:00tc.2w2019-12-31yTESIS 00102local4051708TESISaBCbBCcPA_TESISd2019-12-31fTESISl0oTesisp979961r2019-12-31 00:00:00w2019-12-31yTESIS